000 00932nam a22002177a 4500
003 OSt
005 20260528105650.0
008 260528b2025 slv spa
040 _cBMC
082 _a621.398
100 1 _aRodríguez Rivera, Juan Manuel
_950411
245 1 0 _aPasantía realizada en Digital Solutions
_b: Informe final de pasantía
_cJuan Manuel Rodríguez Rivera
260 _aSanta Ana (El Salvador)
_bUniversidad Católica de El Salvador
_c2026
300 _a108 h.
_bil. col
_c28 cm
_e+ 1 disco compacto
500 _aPrecede al tít.: Universidad Católica de El Salvador, Facultad de Ingeniería y Arquitectura
502 _aPara optar al título de Ingeniero en Sistemas Informáticos
505 _aPeríodo de realización: julio a diciembre 2025
650 2 4 _98508
_aDiseño de sistemas
710 2 _91166
_aUniversidad Católica de El Salvador
_bFacultad de Ingeniería y Arquitectura
942 _2ddc
_cTG
999 _c36674
_d36674